Art since 1960
Αποθηκεύτηκε σε:
| Κύριος συγγραφέας: | |
|---|---|
| Μορφή: | Βιβλίο |
| Γλώσσα: | English |
| Δημοσίευση: |
London :
Thames & Hudson,
c2002
|
| Σειρά: | World of art
|
| Θέματα: | |
| Ετικέτες: |
Προσθήκη ετικέτας
Δεν υπάρχουν, Καταχωρήστε ετικέτα πρώτοι!
|
MARC
| LEADER | 00000nam a2200000 i 4500 | ||
|---|---|---|---|
| 001 | 1/78229 | ||
| 008 | 080321s2002 eng d | ||
| 020 | |a 978-0-500-20351-4 | ||
| 020 | |a 0-500-20351-2 | ||
| 035 | |l 10095678 | ||
| 040 | |a GR-MY-UA |b gre |e aacr | ||
| 041 | 0 | |a eng | |
| 082 | 0 | |a 709.045 |2 (22) | |
| 100 | 1 | |a Archer, Michael |d 1954- | |
| 245 | 1 | 0 | |a Art since 1960 / |c Michael Archer |
| 260 | |a London : |b Thames & Hudson, |c c2002 | ||
| 300 | |a 255 σ.; |b εικ. (μερικές έγχρ.); |c 21 εκ. | ||
| 490 | 1 | |a World of art | |
| 504 | |a Βιβλιογραφία: σ. 248-249. Ευρετήριο | ||
| 650 | 0 | 0 | |a Art, Modern |y 20th century. |
| 830 | 0 | |a World of art | |
| 852 | |a INST |b SYROS |e 20080321 |h 709.045 ARC |p 005500006314 |q 005500006314 |t BK |y 0 | ||
| 901 | |a BIBL5-2008-1 | ||
| 909 | |a Ε |b 139851 | ||
| 922 | |a 5ΕΛΗ |b 200710 |c ΕΠΕΑΕΚ2/ΤΜΣΠΣ |d ΠΑΠΑΣΩΤΗΡΙΟΥ | ||
| 970 | |a ΚΑΓΙΑΒΑ |b ΕΙΡΗΝΗ |z 2008/03/21 | ||